Alicia en el país de tres ensayos / (Record no. 87579)

MARC details
000 -CABECERA
campo de control de longitud fija 00756nam a2200229 a 4500
005 - FECHA Y HORA DE LA ÚLTIMA TRANSACCIÓN
campo de control 20230530063536.0
008 - ELEMENTOS DE LONGITUD FIJA--INFORMACIÓN GENERAL
campo de control de longitud fija 011031s1998 r 000 0 eng d
020 ## - NÚMERO INTERNACIONAL NORMALIZADO PARA LIBROS
Número Internacional Estándar del Libro 9686898700
035 ## - NÚMERO DE CONTROL DEL SISTEMA
Número de control de sistema UPN01000113671
049 ## - COLECCIÓN
Colección CG
050 #4 - SIGNATURA TOPOGRÁFICA DE LA BIBLIOTECA DEL CONGRESO
Número de clasificación BC199 T9
Número de documento/Ítem E8.2
100 1# - ASIENTO PRINCIPAL--NOMBRE PERSONAL
Nombre de persona Escalera Bourillon, Jeannette Adriana
9 (RLIN) 34663
245 10 - MENCIÓN DE TÍTULO
Título Alicia en el país de tres ensayos /
Mención de responsabilidad, etc. Adriana Jeannette Escalera Bourillon.
260 ## - PUBLICACIÓN, DISTRIBUCIÓN, ETC.
Lugar de publicación, distribución, etc. México :
Nombre del editor, distribuidor, etc. UPN,
Fecha de publicación, distribución, etc. 1998.
300 ## - DESCRIPCIÓN FÍSICA
Extensión 109 p. :
Otras características físicas il.
440 #0 - MENCIÓN DE SERIE/ASIENTO SECUNDARIO--TÍTULO
Título Diálogos ;
Designación de volumen o secuencia 3
590 ## - NOTA LOCAL (RLIN)
Nota local También localizas un ejemplar en el "Area de Reserva"
650 #4 - ASIENTO SECUNDARIO DE MATERIA - TERMINO TEMATICO
Término de materia o nombre geográfico como elemento de entrada LOGICA SIMBOLICA Y MATEMATICA -
Subdivisión de forma DISCURSOS, ENSAYOS, CONFERENCIAS, ETC.
650 #2 - ASIENTO SECUNDARIO DE MATERIA - TERMINO TEMATICO
Término de materia o nombre geográfico como elemento de entrada Topología
9 (RLIN) 22533
600 14 - ASIENTO SECUNDARIO DE MATERIA - NOMBRE PERSONAL
Nombre de persona CARROLL, LEWIS,
Fechas asociadas al nombre 1832-1898
905 ## - TIPO DE MATERIAL
Tipo de material Libro
Holdings
Estado de retiro Estado de pérdida Fuente del sistema de clasificación o colocación Estado dañado Restricciones de uso No para préstamo Código de colección Localización permanente Ubicación/localización actual Ubicación en estantería Fecha de adquisición Clasificación Código de barras Fecha visto por última vez Número de copia Tipo de ítem Koha Total de préstamos Fecha del último préstamo Precio válido a partir de
    Library of Congress Classification   Préstamo por horas   Bibliografía básica Bib. Gregorio Torres Quintero Bib. Gregorio Torres Quintero Colecciones especiales Planta alta 30/01/2023 BC199 T9 E8.2 187362 31/12/2020 1 Libro por horas      
    Library of Congress Classification       Colección General Bib. Gregorio Torres Quintero Bib. Gregorio Torres Quintero Planta baja   BC199 T9 E8.2 286577 31/12/2020 1 Libro 7    
    Library of Congress Classification       Colección General Bib. Gregorio Torres Quintero Bib. Gregorio Torres Quintero Planta baja   BC199 T9 E8.2 284345 31/12/2020 1 Libro 2    
    Library of Congress Classification       Colección General Bib. Gregorio Torres Quintero Bib. Gregorio Torres Quintero Planta baja   BC199 T9 E8.2 213528 25/03/2025 1 Libro 19 19/03/2025  
    Library of Congress Classification   Préstamo por horas   UPN Bib. Gregorio Torres Quintero Bib. Gregorio Torres Quintero Colecciones especiales Planta alta 11/06/2024 BC199 T9 E8.2 338851 11/06/2024 Ej.8 Libro     11/06/2024